Budoucnost plateb aneb zaplatit už nestačí

Nové trendy na platobnom trhu majú vplyv na bankový priemysel. Nové technológie, zmena správania spotrebiteľov, tendencie znižovania nákladov sú veľkými premennými týchto transformácií. Stratégie bánk predstavujú digitálne peňaženky a nové služby zamerané na zákazníkov a obchodníkov.

Guardado en:
Detalles Bibliográficos
Autor principal: Taliján, David
Formato: Capítulo de libro
Lenguaje:checo
Materias:
Etiquetas: Agregar Etiqueta
Sin Etiquetas, Sea el primero en etiquetar este registro!

MARC

LEADER 00000naa a2200000 4500
001 0235908
005 20170921102548.6
041 0 |a cze 
044 |a CZ 
245 1 0 |a Budoucnost plateb aneb zaplatit už nestačí  |c David Taliján 
520 |a Nové trendy na platobnom trhu majú vplyv na bankový priemysel. Nové technológie, zmena správania spotrebiteľov, tendencie znižovania nákladov sú veľkými premennými týchto transformácií. Stratégie bánk predstavujú digitálne peňaženky a nové služby zamerané na zákazníkov a obchodníkov. 
610 2 0 |a karty platobné 
610 2 0 |a technológie nové 
610 2 0 |a služby bankové 
610 2 0 |a správanie spotrebiteľa 
610 2 0 |a pokrok technologický 
610 2 0 |a transformácia 
100 1 |a Taliján, David